[Event "American Continental 13th"]
[Site "Medellin"]
[Date "2017.06.10"]
[Round "1"]
[White "Sanchez Castillo, Sarai Carolina"]
[Black "Correa, Daniel"]
[Result "1-0"]
[WhiteElo "2154"]
[BlackElo "1595"]
[PlyCount "47"]
[EventDate "2017.06.10"]
[EventType "swiss"]
[EventRounds "11"]
[EventCountry "COL"]
[SourceTitle "CBM 178 Extra"]
[Source "ChessBase"]
[SourceDate "2017.06.22"]
[SourceVersion "1"]
[SourceVersionDate "2017.06.22"]
[SourceQuality "1"]

1. e4 c5 2. Nf3 d6 3. Nc3 g6 4. d4 cxd4 5. Qxd4 Nf6 6. e5 dxe5 7. Qxd8+ Kxd8 8. Nxe5 Be6 9. Be3 Nbd7 10. 0-0-0 a6 11. Be2 Ke8 12. Nxd7 Nxd7 13. Bf3 Bg7 14. Bxb7 Rb8 15. Bxa6 Bxc3 16. bxc3 Bxa2 17. c4 Nb6 18. Bb5+ Kf8 19. Bxb6 Rxb6 20. Rd8+ Kg7 21. Rxh8 Kxh8 22. Kd2 Rf6 23. f3 Rd6+ 24. Kc3 1-0

[Event "Olympiad Women-42"]
[Site "Baku"]
[Date "2016.09.09"]
[Round "7.1"]
[White "Cmilyte, Viktorija"]
[Black "Sanchez Castillo, Sarai Carolina"]
[Result "1-0"]
[WhiteElo "2536"]
[BlackElo "2182"]
[PlyCount "65"]
[EventDate "2016.09.02"]
[EventType "team-swiss"]
[EventRounds "11"]
[EventCountry "AZE"]
[SourceTitle "CBM 174 Extra"]
[Source "ChessBase"]
[SourceDate "2016.10.10"]
[SourceVersion "1"]
[SourceVersionDate "2016.10.10"]
[SourceQuality "1"]
[WhiteTeam "Lithuania (W)"]
[BlackTeam "Venezuela (W)"]
[WhiteTeamCountry "LTU"]
[BlackTeamCountry "VEN"]

1. d4 d5 2. c4 c6 3. Nc3 Nf6 4. Nf3 dxc4 5. a4 Bf5 6. Nh4 Bd7 7. e4 e6 8. Bxc4 Bb4 9. Qd3 c5 10. d5 Nxd5 11. Nf5 exf5 12. exd5 0-0 13. 0-0 a6 14. b3 Qf6 15. Bb2 Bc8 16. Qc2 Bxc3 17. Bxc3 Qg6 18. f4 h5 19. Rf3 Qh6 20. Rg3 g6 21. Bb2 Qxf4 22. Rf1 Qh6 23. Qc3 Kh7 24. Re3 Nd7 25. Re7 Kg8 26. Rf3 Rb8 27. Rg3 f6 28. d6+ Kh8 29. Be6 f4 30. Rf3 g5 31. Bxd7 Bxd7 32. Rxd7 Rbe8 33. Re7 1-0

[Event "Olympiad Women-42"]
[Site "Baku"]
[Date "2016.09.05"]
[Round "4.27"]
[White "Sanchez Castillo, Sarai Carolina"]
[Black "Cori Tello, Deysi Estella"]
[Result "0-1"]
[WhiteElo "2182"]
[BlackElo "2402"]
[PlyCount "128"]
[EventDate "2016.09.02"]
[EventType "team-swiss"]
[EventRounds "11"]
[EventCountry "AZE"]
[SourceTitle "CBM 174 Extra"]
[Source "ChessBase"]
[SourceDate "2016.10.10"]
[SourceVersion "1"]
[SourceVersionDate "2016.10.10"]
[SourceQuality "1"]
[WhiteTeam "Venezuela (W)"]
[BlackTeam "Peru (W)"]
[WhiteTeamCountry "VEN"]
[BlackTeamCountry "PER"]

1. e4 e6 2. d4 c5 3. Nf3 cxd4 4. Nxd4 a6 5. Be2 Nf6 6. Nc3 Bb4 7. Qd3 d5 8. exd5 e5 9. Nb3 Nxd5 10. Qg3 0-0 11. 0-0 Bxc3 12. bxc3 Qf6 13. Bg5 Qf5 14. f4 Nc6 15. Bc4 Be6 16. Bxd5 Bxd5 17. fxe5 Qxe5 18. Bf4 Qh5 19. Rad1 Be6 20. Nd4 Nxd4 21. Rxd4 Qg6 22. Qf2 Rfe8 23. a4 Rac8 24. Qd2 Bc4 25. Re1 Rxe1+ 26. Qxe1 h6 27. Qd1 Kh7 28. Be5 Qf5 29. Bg3 Rc6 30. Rf4 Qd5 31. Rd4 Qe6 32. Bf2 Qf5 33. Rg4 Rf6 34. Qf3 Qxc2 35. Qe4+ Qxe4 36. Rxe4 Bd5 37. Re5 Bc6 38. a5 Rg6 39. Bg3 Rg4 40. Re2 Rc4 41. Be1 Ra4 42. c4 Rxc4 43. h3 Rc5 44. Kh2 Kg6 45. h4 Rc1 46. Re5 Rc2 47. Kg3 Rxg2+ 48. Kf4 f6 49. Re7 h5 50. Bg3 Rg1 51. Bf2 Rg4+ 52. Ke3 Kf5 53. Kd3 g6 54. Re1 Ra4 55. Bd4 Bb5+ 56. Kc3 Rxa5 57. Re7 Ra3+ 58. Kb4 Rh3 59. Rxb7 Rxh4 60. Kc5 Re4 61. Rb8 h4 62. Rh8 g5 63. Kd5 Re6 64. Rc8 Bc6+ 0-1

[Event "VEN-ch (Women)"]
[Site "Merida"]
[Date "2016.02.27"]
[Round "10"]
[White "Sanchez Castillo, Sarai Carolina"]
[Black "Aponte Montes de Oca, Oriana Isabel"]
[Result "1/2-1/2"]
[WhiteElo "2203"]
[BlackElo "2019"]
[PlyCount "45"]
[EventDate "2016.02.21"]
[EventType "tourn"]
[EventRounds "11"]
[EventCountry "VEN"]
[SourceTitle "CBM 171 Extra"]
[Source "ChessBase"]
[SourceDate "2016.04.26"]
[SourceVersion "1"]
[SourceVersionDate "2016.04.26"]
[SourceQuality "1"]

1. e4 c5 2. Nf3 d6 3. Nc3 a6 4. a4 Nc6 5. d4 cxd4 6. Nxd4 Nf6 7. Bc4 e5 8. Nb3 Be6 9. Bxe6 fxe6 10. Bg5 Be7 11. Bxf6 Bxf6 12. Qh5+ g6 13. Qg4 Qe7 14. a5 0-0 15. h4 Bg7 16. h5 Qf6 17. f3 Rad8 18. Ne2 Nd4 19. Nbxd4 exd4 20. Rd1 e5 21. hxg6 Qxg6 22. Qh3 d5 23. Ng3 1/2-1/2

[Event "VEN-ch (Women)"]
[Site "Lecheria"]
[Date "2015.03.17"]
[Round "8"]
[White "Sanchez Castillo, Sarai Carolina"]
[Black "Sequeda Mendoza, Nancy Stella"]
[Result "1/2-1/2"]
[WhiteElo "2215"]
[BlackElo "1975"]
[PlyCount "91"]
[EventDate "2015.03.12"]
[EventType "tourn"]
[EventRounds "11"]
[EventCountry "VEN"]
[SourceTitle "CBM 165 Extra"]
[Source "ChessBase"]
[SourceDate "2015.04.21"]
[SourceVersion "1"]
[SourceVersionDate "2015.04.21"]
[SourceQuality "1"]

1. e4 e5 2. Bc4 Nf6 3. Nc3 Nc6 4. d3 Na5 5. Nf3 Nxc4 6. dxc4 Bb4 7. Qd3 0-0 8. Bd2 d6 9. h3 Bxc3 10. Bxc3 Nh5 11. g4 Nf4 12. Qf1 b6 13. 0-0-0 Qe8 14. Kb1 Qc6 15. Nd2 Ba6 16. h4 Rab8 17. Qe1 Bxc4 18. Nxc4 Qxc4 19. b3 Qc6 20. Bb2 a5 21. h5 a4 22. f3 Ra8 23. Qh4 f6 24. g5 f5 25. h6 g6 26. Qe1 fxe4 27. fxe4 Qb5 28. Qc3 Qc5 29. Qd2 Ne6 30. Rhf1 Rf4 31. Rxf4 Nxf4 32. Rf1 Rf8 33. bxa4 Qc4 34. Re1 Qxa4 35. a3 Qc6 36. Qb4 Qd7 37. Qc4+ Kh8 38. Rd1 Qe7 39. Qc6 Nh3 40. Bc1 Rf7 41. Rd3 Nf4 42. Rf3 Kg8 43. Bxf4 Rxf4 44. Qd5+ Qf7 45. Qa8+ Qf8 46. Qd5+ 1/2-1/2

[Event "VEN-ch (Women)"]
[Site "Lecheria"]
[Date "2015.03.14"]
[Round "4"]
[White "Sanchez Castillo, Sarai Carolina"]
[Black "Varela la Madrid, Maria"]
[Result "1-0"]
[WhiteElo "2215"]
[BlackElo "1948"]
[PlyCount "39"]
[EventDate "2015.03.12"]
[EventType "tourn"]
[EventRounds "11"]
[EventCountry "VEN"]
[SourceTitle "CBM 165 Extra"]
[Source "ChessBase"]
[SourceDate "2015.04.21"]
[SourceVersion "1"]
[SourceVersionDate "2015.04.21"]
[SourceQuality "1"]

1. e4 c5 2. Nf3 Nc6 3. d4 cxd4 4. Nxd4 Nf6 5. Nc3 d6 6. Bc4 g6 7. h3 Bg7 8. Be3 0-0 9. Bb3 a6 10. 0-0 Qc7 11. f4 Rd8 12. Qf3 Bd7 13. Rad1 Rac8 14. g4 b5 15. g5 Ne8 16. Nd5 Qb7 17. f5 Nxd4 18. Bxd4 Bxd4+ 19. Rxd4 Qa7 20. c3 1-0